[Masaryk, Tomáš Garrigue]

Zobrazenie: Podobizeň štátnika, politika, filozofa, sociológa, univerzitného profesora, prvého československého prezidenta Tomáša Garrigue Masaryka (7.3.1850 Hodonín, Česko- 14.9.1937 Lány, Česko).

Bibliographic Details
Format: Photo
Language:Slovak
PhysicalDescription:1 fotografia čiernobiela 20 x 13 cm
Published: [S.l. s.n. s.a.]
Subjects:

MARC

LEADER 00000nkmaa2200000 a 4500
001 vtls011968898
003 SK-MaSNL
005 20260301054356.0
007 kh bo
008 230802n xx | |||0 k|slo
035 |a urn:nbn:sk:snk-km00ejdh 
035 |a urn:nbn:sk:snk-km45w4c 
035 |a AE61E2A0-06F2-4FD9-9059-AEE1843D94B2 
040 |a SNKLA  |b slo  |c SNKLA  |e AACR2 
041 0 |a slo 
044 |a xx 
245 0 0 |a [Masaryk, Tomáš Garrigue]  |h grafika 
260 |a [S.l.  |b s.n.  |c s.a.] 
300 |a 1 fotografia  |b čiernobiela  |c 20 x 13 cm 
520 2 |a Zobrazenie: Podobizeň štátnika, politika, filozofa, sociológa, univerzitného profesora, prvého československého prezidenta Tomáša Garrigue Masaryka (7.3.1850 Hodonín, Česko- 14.9.1937 Lány, Česko). 
600 1 7 |a Masaryk, Tomáš Garrigue,  |d 1850-1937  |2 SNKMA  |9 98178 
655 7 |a portrétne fotografie  |2 SNKPH  |9 305796 
852 |a Slovenská národná knižnica  |b Literárny archív 
852 7 |a Slovenská národná knižnica  |b Literárny archív 
958 |a ZO 
958 |a BLA 
999 |c 610721  |d 612651 
952 |a SNKLA  |b SNKLA  |c SNKLA_DEP  |y NEVYP  |7 0  |p 17A1310983  |o snkSM 325/139  |i snkLA 7122/1974  |0 0  |1 0  |4 0  |d 2020-05-25  |f 1  |l 0  |r 2026-02-23 16:22:13  |w 2026-02-23